000 00578nam a22001817a 4500
005 20240408171015.0
008 090826t xxu||||| |||| 00| 0 eng d
010 _aENG-139676
020 _a9788190941693
_c600.00
035 _aEN-123208
037 _bDBAD/PUB
082 _a889.20094
245 _aModern European Drama:
_bIbsen To Beckett/
_cEdited By Swati Pal
260 _bD.K. Fine Art Press (P) Ltd.
_aAshok Vihar
270 _aA-6, Nimri Commercial Centre
_bNew Delhi
_e110052
300 _a228p;
_c22cm(hb)
942 _2ddc
_cEN
_h889.20094
_mMOD
_e1
999 _c201431
_d201431